书目信息 |
| 题名: |
电气照明技术
|
|
| 作者: | 谢秀颖 主编 ;王岷 编写 | |
| 分册: | ||
| 出版信息: | 北京 中国电力出版社 2004.09 |
|
| 页数: | 219页 | |
| 开本: | 24cm | |
| 丛书名: | 普通高等教育"十五"规划教材 | |
| 单 册: | ||
| 中图分类: | TM923 | |
| 科图分类: | ||
| 主题词: | 电气照明--高等学校--教材 | |
| 电子资源: | ||
| ISBN: | 7-5083-1701-7 | |
| 000 | 00941nam2 2200265 450 | |
| 001 | 0136794595 | |
| 005 | 20050921172539.68 | |
| 010 | @a7-5083-1701-7@dCNY22.00 | |
| 100 | @a20050725d2004 km y0chiy0120 ea | |
| 101 | 0 | @achi |
| 102 | @aCN@b110000 | |
| 105 | @aa a 000yy | |
| 200 | 1 | @a电气照明技术@Adian qi zhao ming ji shu@f谢秀颖主编@Fxie xiu ying zhu bian@g王岷编写@Gwang min bian xie |
| 210 | @a北京@c中国电力出版社@d2004.09 | |
| 215 | @a219页@c图@d24cm | |
| 225 | 2 | @a普通高等教育"十五"规划教材 |
| 320 | @a有书目 (第219页)。 | |
| 330 | @a本书主要内容包括照明工程中常用照明光源及灯具的种类、特性及选用原则;照度的基本计算方法和照明光照设计的原则,照明配电设计及计算方法等。 | |
| 410 | 0 | @12001 @a普通高等教育"十五"规划教材 |
| 606 | 0 | @a电气照明@x高等学校@j教材 |
| 690 | @aTM923@v4 | |
| 701 | 0 | @a谢秀颖@Axie xiu ying@4主编 |
| 702 | 0 | @a王岷@Awang min@4编写 |
| 801 | 0 | @aCN@bQSSK@c20050921 |
| 905 | @a10447@dTM923@eX478 | |
| 电气照明技术/谢秀颖主编/王岷编写.-北京:中国电力出版社,2004.09 |
| 219页:图;24cm.-(普通高等教育"十五"规划教材) |
| ISBN 7-5083-1701-7:CNY22.00 |
| 本书主要内容包括照明工程中常用照明光源及灯具的种类、特性及选用原则;照度的基本计算方法和照明光照设计的原则,照明配电设计及计算方法等。 |
| ● |
| 相关链接 |
|
|
|
正题名:电气照明技术
索取号:TM923/X478
 
预约/预借
| 序号 | 登录号 | 条形码 | 馆藏地/架位号 | 状态 | 备注 |
| 1 | 526137 | 205261376 | 自科二线404/301自科库 14排3列4层/ [索取号:TM923/X478] | 在馆 | |
| 2 | 526138 | 205261385 | 自科库301/301自科库 21排1列5层/ [索取号:TM923/X478] | 在馆 | |
| 3 | 526139 | 205261394 | 自科库301/301自科库 21排1列5层/ [索取号:TM923/X478] | 在馆 |